Every Branch of Dunder Mifflin Paper Company - Statistics

General Stats
  • This quiz has been taken 7 times
  • The average score is 7 of 14
Answer Stats
Branch State Answer % Correct
Active Branch PA Scranton
100%
Former Branch NY Buffalo
86%
Active Branch NH Nashua
86%
Corporate Headquarters NY New York City
86%
Former Branch CT Stamford
71%
Active Branch NY Utica
43%
Active Branch OH Akron
29%
Active Branch NY Albany
29%
Former Branch NY Binghamton
29%
Active Branch NY Rochester
29%
Active Branch NY Syracuse
29%
Former Branch NJ Camden
14%
Former Branch MA Pittsfield
14%
Former Branch NY Yonkers
14%
No matching quizzes found
Score Distribution
Percent of People with Each Score
Percentile by Number Answered
Your Score History
You have not taken this quiz